| 000 | 01135nam a2200313 i 4500 | ||
|---|---|---|---|
| 001 | 000040832 | ||
| 003 | DO-SdBNP | ||
| 005 | 20251112092133.0 | ||
| 007 | ta | ||
| 008 | 130909s2001 dr ad 001 0 spa d | ||
| 040 |
_aDO-SdBNP _bspa _cBNPHU _erda |
||
| 041 | _aspa | ||
| 082 | 4 |
_a005.12028 _bP376s 2001 _222 |
|
| 100 | 1 |
_aPeguero-Cabral Nespral, Francisco _956903 _4aut. _eautor |
|
| 245 | 1 | 0 |
_aSi quieres programar : _bdiagramas de flujo y tópicos adicionales / _cFrancisco Peguero-Cabral Nespral. |
| 250 | _aQuinta edición corregida y ampliada | ||
| 264 |
_aSanto Domingo : _bDominicana de impresos, _c2001. |
||
| 300 |
_a244 páginas ; _c21 cm. |
||
| 300 |
_a252 páginas : _bilustraciones gráficas ; _c22 cm. |
||
| 336 |
_atexto _btxt _2rdaconten |
||
| 337 |
_asin mediación _bn _2rdamedia |
||
| 338 |
_avolumen _bnc _2rdacarrier |
||
| 504 | _aBibliografía: página 244. | ||
| 590 | _aInventariado,2018/DG | ||
| 650 | 4 |
_aDiagramas funcionales _xEnseñanza programada _956904 |
|
| 650 | 4 |
_aProgramación (computadores eletrónicos digitales) _956905 |
|
| 910 | _aValidado. Control de calidad EMS. | ||
| 942 |
_2ddc _cLBS1 |
||
| 999 |
_c40322 _d40322 |
||